LEADER 02905nam0 2200493 i 450 001 SUN0064438 005 20151120101600.498 010 $a08-218-3576-9 100 $a20080514d2006 |0engc50 ba 101 $aeng 102 $aUS 105 $a|||| ||||| 200 1 $aHyperbolic partial differential equations$fPeter D. Lax$gcon una appendice di Cathleen S. Morawetz 210 $aNew York$cCourant Institute of Mathematical Sciences$aProvidence$cAmerican Mathematical Society$dc2006 215 $aVII, 217 p.$d26 cm. 410 1$1001SUN0050812$12001 $aCourant lecture notes in mathematics$v14$1210 $aProvidence$cAmerican mathematical society$d1997-. 606 $a35L60$xFirst-order nonlinear hyperbolic equations [MSC 2020]$2MF$3SUNC020947 606 $a35L25$xHigher-order hyperbolic equations [MSC 2020]$2MF$3SUNC022646 606 $a35P25$xScattering theory for PDEs [MSC 2020]$2MF$3SUNC022714 606 $a35L05$xWave equation [MSC 2020]$2MF$3SUNC022720 606 $a35L35$xInitial-boundary value problems for higher-order hyperbolic equations [MSC 2020]$2MF$3SUNC022760 606 $a35L40$xFirst-order hyperbolic systems [MSC 2020]$2MF$3SUNC022903 606 $a35L20$xInitial-boundary value problems for second-order hyperbolic equations [MSC 2020]$2MF$3SUNC022920 606 $a35L15$xInitial value problems for second-order hyperbolic equations [MSC 2020]$2MF$3SUNC023050 606 $a35L65$xHyperbolic conservation laws [MSC 2020]$2MF$3SUNC023082 606 $a35L10$xSecond-order hyperbolic equations [MSC 2020]$2MF$3SUNC023376 606 $a35L67$xShocks and singularities for hyperbolic equations [MSC 2020]$2MF$3SUNC023749 606 $a35L50$xInitial-boundary value problems for first-order hyperbolic systems [MSC 2020]$2MF$3SUNC023751 606 $a35L45$xInitial value problems for first-order hyperbolic systems [MSC 2020]$2MF$3SUNC029124 606 $a35L30$xInitial value problems for higher-order hyperbolic equations [MSC 2020]$2MF$3SUNC029568 606 $a35L55$xHigher-order hyperbolic systems [MSC 2020]$2MF$3SUNC029569 620 $aUS$dNew York$3SUNL000011 620 $aUS$dProvidence$3SUNL000273 700 1$aLax$b, Peter D.$3SUNV030283$042253 702 1$aMorawetz$b, Cathleen S.$3SUNV051253 712 $aAmerican mathematical society$3SUNV001080$4650 712 $aCourant institute of mathematical sciences$3SUNV005255$4650 790 1$aLa, P. D.$zLax, Peter D.$3SUNV101728 801 $aIT$bSOL$c20201019$gRICA 856 4 $u/sebina/repository/catalogazione/documenti/Lax - Hyperbolic partial differential equations.pdf$zContents 912 $aSUN0064438 950 $aUFFICIO DI BIBLIOTECA DEL DIPARTIMENTO DI MATEMATICA E FISICA$d08PREST 35-XX 2368 $e08 8136 II 20080514 996 $aHyperbolic partial differential equations$91096681 997 $aUNICAMPANIA LEADER 02122nam 22004573 450 001 9910915663303321 005 20240325120319.0 010 $a1-63840-145-4 035 $a(MiAaPQ)EBC31224964 035 $a(Au-PeEL)EBL31224964 035 $a(CKB)31051391400041 035 $a(Exl-AI)31224964 035 $a(EXLCZ)9931051391400041 100 $a20240325d2017 uy 0 101 0 $aeng 135 $aurcnu|||||||| 181 $ctxt$2rdacontent 182 $cc$2rdamedia 183 $acr$2rdacarrier 200 10$aArchitecture and Waste $eA (Re)planned Obsolescence 205 $a1st ed. 210 1$aNew York City :$cActar D,$d2017. 210 4$dİ2024. 215 $a1 online resource (380 pages) 311 $a1-945150-05-X 330 $aThis book explores the intersection of architecture, waste management, and design research. It delves into the role of architects in transforming industrial buildings, which are often perceived as unattractive, into aesthetically pleasing structures. The text examines causes of obsolescence in building design and proposes future possibilities. It includes case studies from around the world, such as the Northeast Coastal Park Waste and Recycling Plant and the Giubiasco Incinerator, to illustrate innovative practices in waste and recycling facility design. The work aims to inspire architects to view waste facilities as opportunities for creative design rather than necessities. The intended audience includes architects, designers, and researchers interested in sustainable architecture and environmental design.$7Generated by AI. 606 $aSustainable architecture$7Generated by AI 606 $aIndustrial buildings$7Generated by AI 615 0$aSustainable architecture. 615 0$aIndustrial buildings. 676 $a725/.4 700 $aKara$b Hanif$0901990 701 $aAsensio-Villoria$b Leire$01778587 701 $aGeorgoulias$b Andreas$01778588 801 0$bMiAaPQ 801 1$bMiAaPQ 801 2$bMiAaPQ 906 $aBOOK 912 $a9910915663303321 996 $aArchitecture and Waste$94301473 997 $aUNINA